| Tag |
First Indicator |
Second Indicator |
Subfields |
| LEADER |
00000cam a2200000Ia 4500 |
| 001 |
in00002375421 |
| 005 |
20190327170604.0 |
| 006 |
m d |
| 007 |
cr cnu---unuuu |
| 008 |
051114s2005 enk sb 001 0 eng d |
| 020 |
|
|
|a 1423733843 (electronic bk.)
|
| 035 |
|
|
|a (OCoLC)ocm62269402
|
| 035 |
|
|
|a (OCoLC)62269402
|
| 040 |
|
|
|a N$T
|c N$T
|d OCLCQ
|d UtOrBLW
|
| 043 |
|
|
|a e-ur---
|
| 049 |
|
|
|a IICC
|
| 050 |
1 |
4 |
|a DK33
|b .R53 2005eb
|
| 082 |
0 |
4 |
|a 947
|2 22
|
| 100 |
1 |
|
|a Riasanovsky, Nicholas V.
|q (Nicholas Valentine),
|d 1923-2011.
|
| 245 |
1 |
0 |
|a Russian identities :
|b a historical survey /
|c Nicholas V. Riasanovsky.
|
| 264 |
|
1 |
|a Oxford ;
|a New York :
|b Oxford University Press,
|c 2005.
|
| 300 |
|
|
|a 278 pages ;
|c 24 cm.
|
| 336 |
|
|
|a text
|b txt
|2 rdacontent
|
| 337 |
|
|
|a computer
|b c
|2 rdamedia
|
| 338 |
|
|
|a online resource
|b cr
|2 rdacarrier
|
| 504 |
|
|
|a Includes bibliographical references (pages 237-257) and index.
|
| 533 |
|
|
|a Electronic reproduction.
|b Boulder, Colo. :
|c NetLibrary,
|d 2005.
|n Available via World Wide Web.
|n Access may be limited to NetLibrary affiliated libraries.
|
| 500 |
|
|
|a Electronic resource.
|
| 650 |
|
0 |
|a Russians
|x Ethnic identity.
|
| 650 |
|
0 |
|a National characteristics, Russian.
|
| 651 |
|
0 |
|a Russia
|x Civilization
|x Philosophy.
|
| 650 |
|
0 |
|a Slavs, Eastern
|x History
|x Philosophy.
|
| 650 |
|
0 |
|a Nationalism
|z Russia
|x History.
|
| 655 |
|
7 |
|a Electronic books.
|2 local
|
| 710 |
2 |
|
|a NetLibrary, Inc.
|
| 776 |
1 |
|
|c Original
|z 0195156501
|w (DLC) 2004065447
|w (OCoLC)57185568
|
| 856 |
4 |
0 |
|u http://proxy.library.tamu.edu/login?url=http://www.netLibrary.com/urlapi.asp?action=summary&v=1&bookid=143301
|z Connect to the full text of this electronic book
|t 0
|
| 994 |
|
|
|a 92
|b IIC
|
| 999 |
|
|
|a MARS
|
| 999 |
f |
f |
|s c08776bc-1844-3ecf-9fef-4322cead4f79
|i d89f099e-7e22-361a-b235-2a38607a09b6
|t 0
|
| 952 |
f |
f |
|a Texas A&M University
|b College Station
|c Electronic Resources
|d Available Online
|t 0
|e DK33 .R53 2005eb
|h Library of Congress classification
|
| 998 |
f |
f |
|a DK33 .R53 2005eb
|t 0
|l Available Online
|